Arvaa oikea sana lippujen avulla - Statistics

Yleistilastot
  • Tätä visaa on pelattu 203 kertaa
    193 viimeisimmän päivityksen jälkeen
  • Keskiarvotulos 7 / 15
Vastaustilastot
Kuvavisa Hint Vastaus % Oikein
Merilintu Albatrossi (Albania)
100%
Matematiikan haara Geometria (Georgia)
100%
Kunta Ruotsissa Kiiruna (Kiina)
100%
Liittää Yhdistää (Yhdysvallat)
100%
Elin Perna (Peru)
93%
Alkaa kasvaa Itää (Itävalta)
91%
Vapaamielinen Liberaali (Liberia)
91%
Kuljeskella, oleskella Maleksia (Malesia)
90%
Kissaeläin Pantteri (Panama)
90%
Planeetta Neptunus (Nepal)
88%
Lyhenne ry. viittaa sellaiseen Yhdistys (Yhdistyneet arabiemiraatit)
88%
Pohjoisen eläin Poro (Portugal)
87%
Saita Itara (Italia)
86%
Vaarattomampi kuin kyy Rantakäärme (Ranska)
86%
Virtaa Britanniassa Thames (Thaimaa)
86%
Lääkäri Kirurgi (Kirgisia)
83%
Tuhkaamispaikka Krematorio (Kreikka)
83%
Trooppinen tauti Malaria (Malediivit)
83%
Vesivaaka Vatupassi (Vatikaanivaltio)
83%
Naisen nimi Isla (Islanti)
82%
Sisäinen ääni Omatunto (Oman)
82%
Suojapäähine Kypärä (Kypros)
80%
Sanoma Viesti (Vietnam)
80%
Punainen marja Puolukka (Puola)
79%
Vapautus rangaistuksesta Armahdus (Armenia)
78%
Enkeli Raamatussa Gabriel (Gabon)
76%
Aikajärjestyksessä etenevä Kronologinen (Kroatia)
76%
USA:n ex-presidentti Kennedy (Kenia)
75%
Sallittu, puhdas (juutalaisuudessa) Kosher (Kosovo)
75%
Kaskimailla viljelty Nauris (Nauru)
75%
Miettiä, ajatella Pohtia (Pohjois-Makedonia)
75%
Englannin kirkko Anglikaaninen (Angola)
73%
Aamiainen & lounas Brunssi (Brunei)
73%
Castro Fidel (Fidži)
73%
Kaupunki Italiassa Venetsia (Venezuela)
73%
Filosofian osa-alue Etiikka (Etiopia)
71%
Kamerassa Filmi (Filippiinit)
71%
Maastossa tai televisiossa Kanava (Kanada)
71%
Urotyön tekijä Sankari (San Marino)
71%
Tanssi Tango (Tansania)
71%
Usko yhteen jumalaan Monoteismi (Mongolia)
70%
Tavanomainen Normaali (Norja)
70%
Tätä lähes jokainen saa liikaakin Suola (Suomi)
70%
Yhdysvaltain osavaltio Alabama (Alankomaat)
69%
Vuoristo Etelä-Amerikassa Andit (Andorra)
69%
Sotilasarvo Kapteeni (Kap Verde)
69%
Punainen marja Kirsikka (Kiribati)
67%
Kaupunki Etelä-Savossa Mikkeli (Mikronesia)
67%
Perusteltu väite Argumentti (Argentiina)
64%
Ääniala Baritoni (Barbados)
64%
Syömishäiriö Bulimia (Bulgaria)
64%
Pörssissä ja huutokaupassa Meklari (Meksiko)
64%
Numeroista koostuva ristikko Sudoku (Sudan)
64%
Pyylevähkö Tanakka (Tanska)
64%
Kaupunki Massachusettissa Boston (Bosnia & Herzegovina)
63%
Kreikkalainen kirjain Gamma (Gambia)
63%
Huvinäytelmä Komedia (Komorit)
63%
Romaanisten kielten taustalla Latina (Latvia)
63%
Valikoima värejä Paletti (Palau)
63%
Soitin Urut (Uruguay)
63%
Kappale tai tilavuusmitta Kuutio (Kuuba)
62%
Shakespearen näytelmän nimihenkilö Romeo (Romania)
60%
Kylpemiseen Sauna (Saudi-Arabia)
60%
Venäjään kuuluva tasavalta Kaukasiassa Tšetšenia (Tšekki)
60%
Rakkauslaulu Serenadi (Serbia)
57%
Silmänkääntäjä Taikuri (Taiwan)
57%
Jalkapallon pelipaikka Libero (Libanon)
55%
Mantelimassaa Marsipaani (Marokko)
55%
Huono pila Mauton (Mauritania)
55%
Kevyehkö kirjoitelma Pakina (Pakistan)
55%
Länsinaapurin mamma Svea (Sveitsi)
55%
Kunta Suomessa Uusikaupunki (Uusi-Seelanti)
55%
Päähine Turbaani (Turkmenistan)
54%
Ohje prosessin suorittamiseen Algoritmi (Algeria)
50%
Osaava, taitava Etevä (Etelä-Afrikka)
50%
Kaupunki Egyptissä Luxor (Luxemburg)
50%
Esikuva Malli (Malta)
50%
Valtio Balkanilla Montenegro (Monaco)
50%
Malarian levittäjä Moskiitto (Mosambik)
50%
Hindutervehdys Namaste (Namibia)
50%
Kunta Etelä-Karjalassa Parikkala (Paraguay)
50%
Rikas Pohatta (Pohjois-Korea)
50%
Tanssi tai kastike Salsa (Salomonsaaret)
50%
Kalevalasta tuttu Sampo (Sambia)
50%
Iskulause Slogan (Slovakia)
50%
Elinvoimainen Viriili (Viro)
46%
Thaimaan rahayksikkö Baht (Bahama)
45%
Kaupunki Pohjois-Irlannissa Belfast (Belgia)
45%
Huolellinen, tarkka Tunnollinen (Tunisia)
45%
Kunta Pohjois-Savossa Joroinen (Jordan)
44%
Korttipeli, jonka nimi tarkoittaa 21 Ventti (Venäjä)
44%
Huone Eteinen (Etelä-Sudan)
43%
Ennen vaalia Kampanja (Kamerun)
43%
Hattu Sombrero (Somalia)
42%
Apukieli Esperanto (Espanja)
40%
Lyhyt runo Haiku (Haiti)
40%
Eukoista ja leijonasta muistettu Suomen kunta Ruokolahti (Ruotsi)
40%
Kala Turska (Turkki)
40%
Yliopistokaupunki Italiassa Bologna (Bolivia)
38%
Hallita Dominoida (Dominikaaninen tasavalta)
38%
Pääkaupunki Oseaniassa Honiara (Honduras)
38%
Pääkaupunki Moskova (Mosambik)
38%
Rosberg Nico (Nicaragua)
38%
Hengailla; odottaa, kytätä Norkoilla (Norsunluurannikko)
38%
Kirsikankukka japaniksi Sakura (Saksa)
38%
Järkeä ja tietoa korostava aatevirtaus Valistus (Valko-Venäjä)
38%
Pääkaupunki Afrikassa Brazzaville (Brasilia)
36%
Olut Guinness (Guinea)
36%
Kreetan suurin kaupunki Iraklion (Irak)
36%
Viljelemätön pelto Kesanto (Keski-Afrikan tasavalta)
33%
Saamelaisia Koltat (Kolumbia)
33%
Saari Kreikassa Lesbos (Lesotho)
33%
Hallitsija Monarkki (Montenegro)
33%
Roomalainen vaate latinaksi Toga (Togo)
33%
Paavin nimi Benedictus (Benin)
31%
Hermomyrkky Botuliini (Botswana)
31%
Tyylikäs ranskalaisittain Chic (Chile)
31%
Arvokas mauste Vanilja (Vanuatu)
31%
Taidesuunta Surrealismi (Suriname)
30%
Musiikkiesitys Konsertti (Kongon dem. tasavalta)
29%
Lepohetki Siesta (Sierra Leone)
29%
Väkevää pienistä siemenistä Sinappi (Singapore)
29%
Lyömäsoitin Triangeli (Trinidad & Tobago)
29%
Muusikko Hautamäki Costello (Costa Rica)
27%
Trooppinen hedelmä Guava (Guatemala)
27%
Sushi Nigiri (Niger)
27%
Suuri järvi Pohjois-Amerikassa Erie (Eritrea)
25%
sitrushedelmä Greippi (Grenada)
25%
Vatsanpohjatuntuma Intuitio (Intia)
25%
Partioleiri Jamboree (Jamaica)
25%
Kätkö, arkisesti Jemma (Jemen)
25%
Painimatto Molski (Moldova)
25%
Voittaa joku Päihittää (Päiväntasaajan Guinea)
25%
Verkkotunnus (engl.) Domain (Dominica)
23%
Oopperan käsikirjoitus Libretto (Libya)
23%
Säveltäjä Tšaikovski (Tšad)
22%
Kombinaatio Yhdistelmä (Yhdistynyt kuningaskunta)
22%
Parodinen huumoriviihde Burleski (Burkina Faso)
20%
F1-ajaja Mansell Nigel (Nigeria)
20%
30 päivän jakso Syyskuu (Syyria)
19%
Siellä sellutehdas ja laulun Liisa Lievestuore (Liettua)
18%
Sähkömagneettinen ilmiö Induktio (Indonesia)
17%
Neitsyt Maria Madonna (Madagaskar)
17%
Tavast Maunu (Mauritius)
17%
Hallintoelin, kirjaimellisesti vanhimmisto Senaatti (Senegal)
17%
Milošević Slobodan (Slovenia)
17%
Disney-prinsessa Elsa (El Salvador)
14%
Miehen etunimi Guy (Guyana)
14%
Vihannes tai mauste Paprika (Papua-Uusi-Guinea)
14%
Soturi Samurai (Samoa)
14%
Erämaan laiva Kameli (Kambodža)
13%
Cocktail Martini (Marshallinsaaret)
13%
Henrik VIII:n kolmas vaimo Seymour (Seychellit)
13%
Kaupunki Kaliforniassa Malibu (Mali)
9%
Mainos Banneri (Bangladesh)
8%
Pakistanin entinen pääministeri Bhutto (Bhutan)
8%
Vastakohta Antiteesi (Antigua ja Barbuda)
0%
Suorittaa opetusharjoittelu Auskultoida (Australia)
0%
Maitovalas Beluga (Belize)
0%
Kaupunki Turkissa Bursa (Burundi)
0%
Öljyyn liittyvä adjektiivi Eteerinen (Etelä-Korea)
0%
Soitin, jonka uria hangataan Guiro (Guinea-Bissau)
0%
Joki Myanmarissa Iravadi (Iran)
0%
Muuan membranofoni eli kalvosoitin Kazoo (Kazakstan)
0%
Belgian provinssi Liège (Liechtenstein)
0%
Rypälelajike Malbec (Malawi)
0%
Rhônen sivujoki Ranskassa Saône (São Tomé ja Príncipe)
0%
Mikseri Tonic (Tonga)
0%
Ehtoja vastaavia visoja ei löytynyt
Tulosjakauma
Jokaisen tuloksen saaneiden osuus
Persentiili vastausten määrän mukaan
Tuloshistoriasi
Et ole pelannut tätä visaa sen viimeisimmän päivityksen jälkeen